Τάξη και χάος : ζωγραφική, θέατρο, κινηματογράφος

Αποθηκεύτηκε σε:
Λεπτομέρειες βιβλιογραφικής εγγραφής
Κύριος συγγραφέας: Κατζουράκης, Κυριάκος, 1944-
Άλλοι συγγραφείς: Ρηγοπούλου, Καλλιόπη (Συγγραφέας εισαγωγής κ.λπ.), Στεφανίδης, Μάνος Σ. 1954- (Συγγραφέας εισαγωγής κ.λπ.), Λαϊνά, Μαρία, 1947- (edtf)
Μορφή: Βιβλίο
Γλώσσα:Greek
Δημοσίευση: Αθήνα : Καλειδοσκόπιο, 2013.
Θέματα:
Ετικέτες: Προσθήκη ετικέτας
Δεν υπάρχουν, Καταχωρήστε ετικέτα πρώτοι!

MARC

LEADER 00000nam a2200000 a 4500
001 1/114712
008 170825s2013####gr | ||| |||| ||gre||
020 |a 9789604710553  
040 |a GR-MyUa  |b gre  |c GR-MyUa  |e AACR2 
041 0 |a gre 
082 7 |a 701.18   |2 (23) 
100 1 |a Κατζουράκης, Κυριάκος,   |d 1944- 
245 1 0 |a Τάξη και χάος :   |b ζωγραφική, θέατρο, κινηματογράφος /   |c Κυριάκος Κατζουράκης ; εισαγωγή Καλλιόπη Ρηγοπούλου ; πρόλογος Μάνος Στεφανίδης ; επιμέλεια Μαρία Λαϊνά.  
260 |a Αθήνα :   |b Καλειδοσκόπιο,   |c 2013.  
300 |a 330 σ. ;   |c 24 εκ.  
504 |a Περιλαμβάνει βιβλιογραφία.  
650 0 |a Art, Modern  |x Philosophy. 
650 0 |a Artists  |z Greece. 
650 0 |a Art, Modern  |y 20th century  |z Greece. 
700 1 |a Ρηγοπούλου, Καλλιόπη,  |e aui 
700 1 |a Στεφανίδης, Μάνος Σ.  |d 1954-  |e aui 
700 1 |a Λαϊνά, Μαρία,   |d 1947-  |e edtf 
852 |a INST  |b LESVOS  |c EUDOXUS  |e 20170825  |h 701.18 ΚΑΤ  |p 005100059776  |q 005100059776  |t EDX  |y 0 
920 |a Εύδοξος  |b Παραγγελία  |y Λέσβος-ΤΠΤΕ  |z 2017-05 
970 |a Τζαφέρη  |b Ευαγγελία  |z 25-08-2017